Statistiques concernant Pays les plus boisés - A à Z

Cliquez ici pour prendre le quiz!

Statistiques générales

  • Ce quiz a été pris 118 fois
  • Le résultat moyen est 15 sur 24

Statistiques - réponses

surface (km²)Pays% Correct
B4,776,980Brésil
96%
C4,916,438Canada
94%
F246,640France
92%
R8,149,300Russie
91%
I884,950Indonesie
83%
E3,100,950États Unis
82%
Q8Qatar
80%
A1,250,000Australie
73%
V471,378Venezuela
73%
J253,203Japon
71%
Y4,490Yemen
69%
D13,384Danemark
68%
H67,240Honduras
66%
Z376,309Zambie
62%
K54,498Kazakhstan
61%
O50,000Ouganda
53%
N121,120Norvège
52%
P687,420Perou
47%
U105,000Ukraine
47%
M710,000Mexique
46%
G227,517Gabon
43%
T352,570Tanzanie
36%
L170,000Laos
29%
S675,460Soudan
21%

Distribution des résultats

Percentile par nombre de réponses

% des personnes avec chaque résultat

Votre développement - résultats

Vous n’avez pas pris ce quiz